000 00653cam a2200205 a 4500
003 CO-ViMGA
005 20230915225025.0
008 071204s1940 ag a r 000 0 spa d
020 _a9789588573151
040 _aCO-ViMGA
_bspa
_cCO-ViMGA
082 0 4 _a577
_bO612
_21
100 1 _aOparin, Alexander Ivanovich
_d2010
_9238
245 1 3 _aEl origen de la vida
_cAlexandr, Oparin
260 _aBogotá DC, Colombia
_bLibros Hidalgo
_c2010
300 _a318 p.
_bilustraciones
_c21 cm.
500 _aColección Indalecio Liévano Aguirre.
590 _aFirmado por el Dr. Indalecio Liévano Aguirre.
650 1 4 _aOrigen de la vida
_9239
942 _2ddc
_cBK
999 _c12054
_d12054